[Event "African School-ch U13 Girls"]
[Site "Harare"]
[Date "2017.08.25"]
[Round "6.1"]
[White "Otisitswe, Ruth"]
[Black "Marape, Naledi"]
[Result "1-0"]
[WhiteElo "1104"]
[BlackElo "1463"]
[PlyCount "115"]
[EventDate "2017.08.21"]
[EventType "swiss"]
[EventRounds "9"]
[EventCountry "ZIM"]
[SourceTitle "EXT 2024"]
[Source "ChessBase"]
[SourceDate "2023.10.10"]
[SourceVersion "1"]
[SourceVersionDate "2023.10.10"]
[SourceQuality "1"]

1. e4 e5 2. Nf3 Nc6 3. Bc4 Bc5 4. Nc3 Nf6 5. d3 h6 6. 0-0 d6 7. h3 0-0 8. Na4 Bb6 9. Nxb6 axb6 10. Be3 Be6 11. Bxe6 fxe6 12. Qd2 d5 13. exd5 exd5 14. d4 Ne4 15. Qe2 Qf6 16. Qb5 Ra5 17. Qd3 Nxf2 18. Rxf2 e4 19. Qe2 exf3 20. Rxf3 Nxd4 21. Bxd4 Qxd4+ 22. Kh1 Rxf3 23. Qxf3 Qxb2 24. Re1 Qf6 25. Qg3 Rc5 26. Re8+ Kh7 27. Qd3+ g6 28. Qe2 Kg7 29. Re7+ Kf8 30. Re6 Qf7 31. Qe3 Rc6 32. Qxh6+ Kg8 33. Re1 Rxc2 34. h4 d4 35. h5 gxh5 36. Qg5+ Kf8 37. Qd8+ Kg7 38. Re7 c5 39. Rxf7+ Kxf7 40. Qd7+ Kf6 41. Qd6+ Kf5 42. Qxb6 d3 43. Qxb7 Kf4 44. Qf3+ Ke5 45. Qxd3 Rxa2 46. Qe3+ Kd6 47. Qh6+ Kd5 48. Qxh5+ Kd4 49. Qd1+ Kc3 50. g4 Kb2 51. Qd2+ Kb3 52. Qd5+ c4 53. g5 Ra7 54. g6 Rg7 55. Qb5+ Ka3 56. Qxc4 Rxg6 57. Qd3+ Kb4 58. Qxg6 1-0

[Event "African School-ch U13 Girls"]
[Site "Harare"]
[Date "2017.08.23"]
[Round "5.1"]
[White "Marape, Naledi"]
[Black "Mandizha, Ropafadzo"]
[Result "1-0"]
[WhiteElo "1463"]
[BlackElo "1216"]
[PlyCount "89"]
[EventDate "2017.08.21"]
[EventType "swiss"]
[EventRounds "9"]
[EventCountry "ZIM"]
[SourceTitle "EXT 2024"]
[Source "ChessBase"]
[SourceDate "2023.10.10"]
[SourceVersion "1"]
[SourceVersionDate "2023.10.10"]
[SourceQuality "1"]

1. e4 e5 2. Nf3 Nc6 3. Bc4 h6 4. d3 Nf6 5. c3 Bc5 6. 0-0 0-0 7. Nbd2 d5 8. exd5 Nxd5 9. Re1 Bg4 10. Ne4 Bb6 11. h3 Bh5 12. Ng3 Bxf3 13. Qxf3 Nf6 14. Nf5 Kh7 15. Qg3 g5 16. Nxh6 Ng8 17. Nxf7 Qf6 18. Nxg5+ Kh8 19. Qh4+ Qh6 20. Nf7+ Rxf7 21. Bxh6 Bxf2+ 22. Qxf2 Rxf2 23. Kxf2 Nxh6 24. Bb5 Nf7 25. Bxc6 bxc6 26. Rac1 Kg7 27. d4 exd4 28. cxd4 Rf8 29. Kg1 Nd8 30. Re7+ Rf7 31. Rxf7+ Kxf7 32. Kf2 Ke6 33. d5+ Kd6 34. dxc6 Nxc6 35. Rxc6+ Kxc6 36. g4 Kd6 37. h4 Ke5 38. Ke3 c5 39. h5 Kf6 40. Kf4 a5 41. g5+ Kg7 42. a4 c4 43. Ke5 Kh7 44. g6+ Kg7 45. Kd4 1-0

[Event "Africa-ch U10 Girls"]
[Site "Port Elizabeth"]
[Date "2016.08.27"]
[Round "7"]
[White "Marape, Naledi"]
[Black "Kati, Imene"]
[Result "1-0"]
[WhiteElo "1262"]
[BlackElo "1110"]
[PlyCount "31"]
[EventDate "2016.08.22"]
[EventType "swiss"]
[EventRounds "9"]
[EventCountry "RSA"]
[SourceTitle "CBM 174 Extra"]
[Source "ChessBase"]
[SourceDate "2016.10.10"]
[SourceVersion "1"]
[SourceVersionDate "2016.10.10"]
[SourceQuality "1"]

1. e4 e5 2. Nf3 Nc6 3. Bc4 Bc5 4. c3 Nf6 5. d4 exd4 6. cxd4 d5 7. exd5 Nxd5 8. dxc5 Nf6 9. Qxd8+ Kxd8 10. 0-0 Nb4 11. Bb3 Re8 12. Bg5 Re2 13. Rd1+ Ke8 14. Nc3 Nc2 15. Rac1 Re7 16. Rxc2 1-0

[Event "Africa-ch U10 Girls"]
[Site "Port Elizabeth"]
[Date "2016.08.26"]
[Round "6"]
[White "Hiranandani, Jia Rajesh"]
[Black "Marape, Naledi"]
[Result "0-1"]
[WhiteElo "1180"]
[BlackElo "1262"]
[PlyCount "68"]
[EventDate "2016.08.22"]
[EventType "swiss"]
[EventRounds "9"]
[EventCountry "RSA"]
[SourceTitle "CBM 174 Extra"]
[Source "ChessBase"]
[SourceDate "2016.10.10"]
[SourceVersion "1"]
[SourceVersionDate "2016.10.10"]
[SourceQuality "1"]

1. e4 e5 2. Bc4 Nf6 3. Nc3 Bc5 4. d3 h6 5. h3 d6 6. Nge2 Nc6 7. Ng3 Be6 8. Bb3 0-0 9. 0-0 Qd7 10. Na4 Bb6 11. Nxb6 axb6 12. Be3 Rad8 13. f4 Bxb3 14. axb3 Rfe8 15. fxe5 dxe5 16. Bxh6 gxh6 17. Rxf6 Re6 18. Rxe6 Qxe6 19. Ra4 Nd4 20. Ra3 Qg6 21. Ne2 Qh5 22. Kf1 Nc6 23. Qd2 Qg6 24. Nc3 Nd4 25. Nd5 Qd6 26. Ra1 Kg7 27. Qc3 Nb5 28. Qc4 Qe6 29. Ra4 Rd7 30. Rb4 Nd6 31. Qc3 Kg6 32. Ne3 Kf6 33. h4 Kg6 34. Qd2 Qf6+ 0-1